[Event "Ceske Budejovice op-B"]
[Site "Ceske Budejovice"]
[Date "2022.07.08"]
[Round "8"]
[White "Benci, Jozef"]
[Black "Khalil, Reem"]
[Result "0-1"]
[WhiteElo "1629"]
[BlackElo "1305"]
[PlyCount "90"]
[EventDate "2022.07.01"]
[EventType "swiss"]
[EventRounds "9"]
[EventCountry "CZE"]
[SourceTitle "EXT 2023"]
[Source "ChessBase"]
[SourceDate "2022.10.05"]
[SourceVersion "1"]
[SourceVersionDate "2022.10.05"]
[SourceQuality "1"]

1. e4 d6 2. d4 e5 3. Nf3 Nd7 4. Bc4 Be7 5. Nc3 c6 6. 0-0 Ngf6 7. Re1 0-0 8. a4 a5 9. h3 Qc7 10. Bb3 h6 11. Be3 exd4 12. Nxd4 Nc5 13. Qf3 Nh7 14. Qg3 Bg5 15. Bxg5 Nxg5 16. h4 Nh7 17. Rad1 Re8 18. Bc4 Nf6 19. Bd3 Re7 20. Qf4 Bd7 21. Nf5 Bxf5 22. Qxf5 Rae8 23. Re3 Qb6 24. b3 Qb4 25. Bc4 Ncxe4 26. Nxe4 Rxe4 27. Rxe4 Rxe4 28. Bd3 Re5 29. Qc8+ Re8 30. Qf5 Qxh4 31. g3 Qb4 32. Rf1 d5 33. Qf3 Re5 34. Kg2 Rg5 35. Qe2 Qd6 36. f4 Rh5 37. Re1 Qd7 38. f5 c5 39. Qe5 c4 40. bxc4 dxc4 41. Bxc4 Qc6+ 42. Kf1 Rh1+ 43. Ke2 Qxc4+ 44. Kd2 Rh2+ 45. Re2 Ne4+ 0-1

[Event "Ceske Budejovice op-B"]
[Site "Ceske Budejovice"]
[Date "2022.07.07"]
[Round "7"]
[White "Khalil, Reem"]
[Black "Bastyr, Pavel"]
[Result "1-0"]
[WhiteElo "1305"]
[BlackElo "1439"]
[PlyCount "83"]
[EventDate "2022.07.01"]
[EventType "swiss"]
[EventRounds "9"]
[EventCountry "CZE"]
[SourceTitle "EXT 2023"]
[Source "ChessBase"]
[SourceDate "2022.10.05"]
[SourceVersion "1"]
[SourceVersionDate "2022.10.05"]
[SourceQuality "1"]

1. e4 c5 2. Nc3 Nc6 3. f4 e6 4. Nf3 d6 5. d3 Nf6 6. g3 Be7 7. Bg2 Qc7 8. 0-0 0-0 9. h3 a6 10. g4 h6 11. Qe1 Ne8 12. Qg3 Nd4 13. Qf2 Bf6 14. g5 Nxf3+ 15. Qxf3 Bd4+ 16. Kh1 hxg5 17. fxg5 g6 18. Ne2 e5 19. c3 Kg7 20. cxd4 cxd4 21. b3 Be6 22. Qg3 Rh8 23. Kh2 Qd7 24. Ba3 Nc7 25. Rfc1 Nb5 26. Bb2 Rh5 27. Rc2 Rah8 28. Ng1 Qe7 29. Rac1 Rxg5 30. Qf3 Bg4 31. Qf2 Qe6 32. a4 Na7 33. Rc7 Qxb3 34. Rf1 Be6 35. Qf6+ Kg8 36. Qxg5 Qxb2 37. Qd8+ Kg7 38. Qxd6 Qd2 39. Qxe6 Qxg2+ 40. Kxg2 Rxh3 41. Rfxf7+ Kg8 42. Qe8# 1-0

[Event "Ceske Budejovice op-B"]
[Site "Ceske Budejovice"]
[Date "2022.07.04"]
[Round "4"]
[White "Jirik, Radovan"]
[Black "Khalil, Reem"]
[Result "0-1"]
[WhiteElo "1511"]
[BlackElo "1305"]
[PlyCount "103"]
[EventDate "2022.07.01"]
[EventType "swiss"]
[EventRounds "9"]
[EventCountry "CZE"]
[SourceTitle "EXT 2023"]
[Source "ChessBase"]
[SourceDate "2022.10.05"]
[SourceVersion "1"]
[SourceVersionDate "2022.10.05"]
[SourceQuality "1"]

1. Nf3 d6 2. d4 Nd7 3. e4 e5 4. dxe5 dxe5 5. Bc4 h6 6. Nc3 Ngf6 7. 0-0 c6 8. a3 Qc7 9. b4 Nb6 10. Bb3 Be6 11. Bxe6 fxe6 12. Bb2 Nc4 13. Rb1 Be7 14. Bc1 b5 15. Qe2 0-0 16. a4 a6 17. Nd2 Nxd2 18. Bxd2 Rfd8 19. Be3 Bd6 20. Rfd1 Qe7 21. Na2 Rdb8 22. a5 Bc7 23. Bc5 Qf7 24. Bd6 Rd8 25. Bxc7 Qxc7 26. c4 Rd4 27. Rxd4 exd4 28. c5 e5 29. Nc1 Rf8 30. Nd3 Qe7 31. f3 Qe6 32. Rc1 Kh8 33. Re1 Nh5 34. g3 g6 35. Qd2 Kh7 36. Rf1 g5 37. Qe2 Kg6 38. Qg2 Ng7 39. f4 exf4 40. gxf4 Kh7 41. f5 Qe7 42. Qf3 Rf6 43. Qg4 Rf8 44. e5 Qf7 45. f6 Ne6 46. Qf5+ Kh8 47. Rf3 Kg8 48. h4 Kh8 49. hxg5 Nxg5 50. Rg3 Qe8 51. Nf4 Rg8 52. Kf2 0-1

[Event "Sharjah Cup (Women) 10th"]
[Site "Sharjah"]
[Date "2020.01.04"]
[Round "1"]
[White "Assaubayeva, Bibissara"]
[Black "Khalil, Reem"]
[Result "1-0"]
[WhiteElo "2375"]
[BlackElo "1295"]
[PlyCount "75"]
[EventDate "2020.01.04"]
[EventType "swiss"]
[EventRounds "9"]
[EventCountry "UAE"]
[SourceTitle "CBM 194 Extra"]
[Source "ChessBase"]
[SourceDate "2020.03.31"]
[SourceVersion "1"]
[SourceVersionDate "2020.03.31"]
[SourceQuality "1"]

1. d4 d6 2. e4 Nf6 3. Bd3 e5 4. Nf3 Nbd7 5. c3 Be7 6. 0-0 0-0 7. Bg5 h6 8. Bh4 Nh7 9. Bg3 Ng5 10. Nbd2 Nxf3+ 11. Nxf3 Bf6 12. Re1 Re8 13. Qc2 Nf8 14. h3 Nh7 15. Rad1 Ng5 16. dxe5 Nxf3+ 17. gxf3 Bxe5 18. f4 Bf6 19. e5 Bh4 20. Bf1 Bxg3 21. fxg3 g6 22. Qf2 d5 23. c4 c6 24. Bg2 Qa5 25. cxd5 cxd5 26. a3 Be6 27. g4 Rad8 28. Rd4 Rf8 29. b4 Qb5 30. f5 Bc8 31. Red1 Rde8 32. Rxd5 Qa4 33. R1d3 b6 34. Rd6 Rxe5 35. Bc6 Qa6 36. fxg6 Be6 37. Qf6 Re2 38. g7 1-0

[Event "UAE President Cup (Women)"]
[Site "Ajman"]
[Date "2019.01.08"]
[Round "8"]
[White "Khalil, Reem"]
[Black "Noman, Shaima"]
[Result "1-0"]
[WhiteElo "1330"]
[BlackElo "1492"]
[PlyCount "79"]
[EventDate "2019.01.02"]
[EventType "swiss"]
[EventRounds "9"]
[EventCountry "UAE"]
[SourceTitle "CBM 188 Extra"]
[Source "ChessBase"]
[SourceDate "2019.02.26"]
[SourceVersion "1"]
[SourceVersionDate "2019.02.26"]
[SourceQuality "1"]

1. e4 c5 2. Nc3 e6 3. f4 Nc6 4. Nf3 d5 5. d3 g6 6. g3 Bg7 7. Bg2 Nge7 8. 0-0 0-0 9. h3 b6 10. e5 Nf5 11. g4 Nfd4 12. Ne2 Nxe2+ 13. Qxe2 d4 14. Nd2 Qc7 15. g5 Bb7 16. Ne4 Ne7 17. Nf6+ Kh8 18. Be4 Nf5 19. Qf2 h5 20. Kh2 Rac8 21. Rg1 Bxf6 22. gxf6 c4 23. Rg5 cxd3 24. Bxd3 Qc6 25. Bd2 Qf3 26. Qg1 Ne3 27. Bxe3 Qxe3 28. Rxh5+ Kg8 29. Qxe3 dxe3 30. Rg1 Bf3 31. Rhg5 Rc5 32. R5g3 Bd5 33. Rxe3 Bc4 34. Bxc4 Rxc4 35. Kg3 Rxc2 36. Ra3 Rxb2 37. Rxa7 Rc8 38. Rd1 Rb4 39. Rdd7 Rc3+ 40. Kg4 1-0

[Event "UAE President Cup (Women)"]
[Site "Ajman"]
[Date "2019.01.07"]
[Round "7"]
[White "Khalil, Reem"]
[Black "Amal, Fadel SM Alshamsi"]
[Result "1-0"]
[WhiteElo "1330"]
[BlackElo "1428"]
[PlyCount "83"]
[EventDate "2019.01.02"]
[EventType "swiss"]
[EventRounds "9"]
[EventCountry "UAE"]
[SourceTitle "CBM 188 Extra"]
[Source "ChessBase"]
[SourceDate "2019.02.26"]
[SourceVersion "1"]
[SourceVersionDate "2019.02.26"]
[SourceQuality "1"]

1. e4 g6 2. d4 d6 3. c4 Bg7 4. Nc3 Nf6 5. Nge2 Nbd7 6. g3 b6 7. Bg2 Bb7 8. 0-0 Rb8 9. a4 0-0 10. h3 c5 11. f4 cxd4 12. Nxd4 Qc7 13. Qe2 a6 14. Re1 Nxe4 15. Bxe4 Bxd4+ 16. Kh2 e6 17. Bxb7 Rxb7 18. Ne4 Nc5 19. Ra2 Qc6 20. Qf3 Nxe4 21. Qxe4 Rc8 22. Qxd4 Qxc4 23. Qxc4 Rxc4 24. b3 Rc5 25. Ba3 Rd5 26. Rc2 Rd3 27. Bb2 Kf8 28. Bf6 Rb8 29. Rec1 Ke8 30. Rc7 e5 31. Re7+ Kf8 32. Rcc7 exf4 33. Rxf7+ Kg8 34. Rg7+ Kf8 35. Rcf7+ Ke8 36. Re7+ Kf8 37. Rxh7 fxg3+ 38. Kg2 Rd2+ 39. Kxg3 Rd3+ 40. Kf2 Rd2+ 41. Ke3 Rd3+ 42. Kxd3 1-0

[Event "UAE President Cup (Women)"]
[Site "Ajman"]
[Date "2019.01.06"]
[Round "6"]
[White "Al Hosani, Sara"]
[Black "Khalil, Reem"]
[Result "0-1"]
[WhiteElo "1002"]
[BlackElo "1330"]
[PlyCount "118"]
[EventDate "2019.01.02"]
[EventType "swiss"]
[EventRounds "9"]
[EventCountry "UAE"]
[SourceTitle "CBM 188 Extra"]
[Source "ChessBase"]
[SourceDate "2019.02.26"]
[SourceVersion "1"]
[SourceVersionDate "2019.02.26"]
[SourceQuality "1"]

1. Nf3 d6 2. g3 Nf6 3. Bg2 e5 4. d3 Be7 5. 0-0 0-0 6. Nbd2 Nbd7 7. e4 c6 8. b3 a5 9. Bb2 h6 10. Re1 Nh7 11. Ba3 b5 12. b4 axb4 13. Bxb4 Ra4 14. a3 Nb6 15. Nb3 Qc7 16. Ba5 Be6 17. Nfd2 Ra8 18. Bxb6 Qxb6 19. Qc1 Bg5 20. h4 Be7 21. c4 bxc4 22. dxc4 Bxc4 23. Nxc4 Qxb3 24. Re3 Qxc4 25. Rc3 Qe2 26. Bf1 Qg4 27. Rxc6 Rxe4 28. Rc7 Bxh4 29. Ra2 Bg5 30. Qc3 Rea4 31. Bg2 Qd1+ 32. Kh2 Rb8 33. Ra1 Qb3 34. Qxb3 Rxb3 35. Bd5 Rbxa3 36. Rxa3 Rxa3 37. Rxf7 Kh8 38. Rd7 Ra6 39. Kh3 Nf6 40. Rd8+ Kh7 41. Bb3 Ne4 42. Bc2 Bxd8 43. Bxe4+ g6 44. Kg4 h5+ 45. Kf3 Ra3+ 46. Ke2 Kh6 47. Bd5 g5 48. Kf1 h4 49. gxh4 gxh4 50. Kg2 Rd3 51. Be4 Rd2 52. Bf5 d5 53. Kf1 e4 54. Ke1 Ba5 55. Bh3 Rd3+ 56. Ke2 Rxh3 57. Kd1 d4 58. Ke2 Rf3 59. Kf1 Rxf2+ 0-1

[Event "Sharjah Cup (Women) 9th"]
[Site "Sharjah"]
[Date "2018.12.19"]
[Round "8"]
[White "Khalil, Reem"]
[Black "Mezioud, Amina"]
[Result "0-1"]
[WhiteElo "1297"]
[BlackElo "2065"]
[PlyCount "86"]
[EventDate "2018.12.14"]
[EventType "swiss"]
[EventRounds "9"]
[EventCountry "UAE"]
[SourceTitle "CBM 187 Extra"]
[Source "ChessBase"]
[SourceDate "2018.11.04"]
[SourceVersion "1"]
[SourceVersionDate "2018.11.04"]
[SourceQuality "1"]

1. e4 e5 2. Nc3 Bc5 3. g3 Nf6 4. Bg2 d6 5. Nge2 Nc6 6. Na4 Bb6 7. Nxb6 axb6 8. c3 0-0 9. 0-0 Re8 10. d3 h6 11. h3 Be6 12. a4 Na5 13. Be3 Qd7 14. Kh2 Bb3 15. Qe1 Bxa4 16. f4 Nb3 17. Ra3 Nc5 18. Qd2 Bc6 19. Rxa8 Rxa8 20. fxe5 dxe5 21. Bxh6 Nh7 22. Be3 Qxd3 23. Rd1 Qxd2 24. Rxd2 Nb3 25. Rd1 Nf6 26. Bg5 Nd7 27. g4 Ra2 28. Bd8 Rxb2 29. Ng3 Nbc5 30. Kg1 Ne6 31. Nf5 Kh7 32. Bh4 Nf4 33. Bf1 Nc5 34. Ng3 f6 35. Nf5 Nxe4 36. c4 Nd2 37. Bg3 Nf3+ 38. Kh1 Ng5+ 39. Kg1 Ngxh3+ 40. Bxh3 Nxh3+ 41. Kf1 Bg2+ 42. Ke1 Bf3 43. Rd7 Rb1+ 0-1